| Tag |
First Indicator |
Second Indicator |
Subfields |
| LEADER |
00000cam a2200000 a 4500 |
| 001 |
in00000091749 |
| 005 |
20230927122727.0 |
| 008 |
840815s1980 sz af b i000 0 eng |
| 010 |
|
|
|a 84199914
|
| 019 |
|
|
|a 6701623
|a 10201699
|
| 020 |
|
|
|a 9221023893
|q (pbk.)
|
| 020 |
|
|
|a 9789221023890
|q (pbk.)
|
| 029 |
1 |
|
|a AU@
|b 000002596991
|
| 029 |
1 |
|
|a NZ1
|b 2593509
|
| 035 |
|
|
|a (OCoLC)ocm11026340
|
| 035 |
|
|
|a (OCoLC)11026340
|z (OCoLC)6701623
|z (OCoLC)10201699
|
| 035 |
|
|
|a (OCoLC)ocm11026340
|
| 040 |
|
|
|a DLC
|b eng
|c DLC
|d NLGGC
|d LGG
|d NED
|d OCLCQ
|d OCLCF
|d OCLCO
|d OCLCQ
|d OCLCO
|d GZM
|d OCLCQ
|d AGL
|
| 043 |
|
|
|a d------
|
| 050 |
0 |
0 |
|a HQ1870.9
|b .L68 1983
|
| 050 |
1 |
4 |
|a HD6223
|b .L68x 1983
|
| 070 |
|
|
|a HD6223.L6
|
| 082 |
0 |
|
|a 307.7/2/088042
|2 19
|
| 084 |
|
|
|a 71.31
|2 bcl
|
| 084 |
|
|
|a 71.33
|2 bcl
|
| 084 |
|
|
|a 74.15
|2 bcl
|
| 084 |
|
|
|a 83.66
|2 bcl
|
| 100 |
1 |
|
|a Loutfi, Martha Fetherolf.
|
| 245 |
1 |
0 |
|a Rural women :
|b unequal partners in development /
|c Martha Fetherolf Loutfi.
|
| 250 |
|
|
|a 4th impression with modifications.
|
| 260 |
|
|
|a Geneva :
|b International Labour Office,
|c ©1980
|g (1983 printing)
|
| 300 |
|
|
|a v, 80 pages, 4 unnumbered pages of plates :
|b illustrations ;
|c 24 cm.
|
| 336 |
|
|
|a text
|b txt
|2 rdacontent
|
| 337 |
|
|
|a unmediated
|b n
|2 rdamedia
|
| 338 |
|
|
|a volume
|b nc
|2 rdacarrier
|
| 490 |
1 |
|
|a A WEP study
|
| 504 |
|
|
|a Includes bibliographical references (pages 75-80).
|
| 530 |
|
|
|a Also issued online.
|
| 650 |
|
0 |
|a Women in rural development
|z Developing countries.
|
| 650 |
|
0 |
|a Rural women
|z Developing countries
|x Economic conditions.
|
| 650 |
|
0 |
|a Rural women
|z Developing countries
|x Social conditions.
|
| 650 |
|
7 |
|a Rural women
|x Economic conditions.
|2 fast
|0 (OCoLC)fst01101887
|
| 650 |
|
7 |
|a Rural women
|x Social conditions.
|2 fast
|0 (OCoLC)fst01101909
|
| 650 |
|
7 |
|a Women in rural development.
|2 fast
|0 (OCoLC)fst01177966
|
| 651 |
|
7 |
|a Developing countries.
|2 fast
|0 (OCoLC)fst01242969
|
| 650 |
1 |
7 |
|a Platteland.
|2 gtt
|
| 650 |
1 |
7 |
|a Vrouwen.
|2 gtt
|
| 650 |
1 |
7 |
|a Sociale ongelijkheid.
|2 gtt
|
| 650 |
|
7 |
|a Distribution of development benefits.
|2 ltcsh
|
| 650 |
|
7 |
|a Household production.
|2 ltcsh
|
| 650 |
|
7 |
|a Labor and laborers.
|2 ltcsh
|
| 650 |
|
7 |
|a Labor and laborers
|x Women.
|2 ltcsh
|
| 650 |
|
7 |
|a Rural women.
|2 ltcsh
|
| 650 |
|
7 |
|a Social planning.
|2 ltcsh
|
| 650 |
|
7 |
|a Distribution of development benefits
|x Women.
|2 ltcsh
|
| 650 |
|
7 |
|a Economic policy
|x Women.
|2 ltcsh
|
| 776 |
0 |
8 |
|i Online version:
|a Loutfi, Martha Fetherolf.
|t Rural women.
|b 4th impression with modifications.
|d Geneva : International Labour Office, ©1980 (1983 printing)
|w (OCoLC)560466146
|
| 776 |
0 |
8 |
|i Online version:
|a Loutfi, Martha Fetherolf.
|t Rural women.
|b 4th impression with modifications.
|d Geneva : International Labour Office, ©1980 (1983 printing)
|w (OCoLC)560688738
|
| 776 |
0 |
8 |
|i Online version:
|a Loutfi, Martha Fetherolf.
|t Rural women.
|b 4th impression with modifications.
|d Geneva : International Labour Office, ©1980 (1983 printing)
|w (OCoLC)631625144
|
| 830 |
|
0 |
|a WEP study.
|
| 948 |
|
|
|h HELD BY TXA - 182 OTHER HOLDINGS
|
| 994 |
|
|
|a Z0
|b TXA
|
| 999 |
f |
f |
|s 7de6250f-1252-3111-97b4-cfc9c17a3d24
|i b0d6e6b4-3339-3a56-b693-e04d1eb34834
|t 0
|
| 952 |
f |
f |
|p ric
|a Texas A&M University
|b Rellis Campus
|c Joint Library Facility
|s JLF
|d Remote Storage
|t 0
|e HD6223 .L68 1981
|h Library of Congress classification
|i unmediated -- volume
|m A14806004017
|